Statistics for Complete the Taylor Swift Lyric

Click here to take the quiz!

General Stats

  • This quiz has been taken 45 times
  • The average score is 13 of 15

Answer Stats

HintAnswer% Correct
I got that red lip ______ thing that you likeclassic
97%
Say you'll see me again, even if it's just in your _______ ______wildest dreams
97%
I'll stare directly at the sun but never in the ______mirror
95%
I knew you were _______ when you walked introuble
95%
And you call me up again just to break me like a _______promise
92%
Because I dropped your hand while _______dancing
89%
I think I've seen this film before and I didn't like the ______ending
89%
The burgundy on my T-shirt when you splashed your ____ into mewine
87%
______ slipped away into a moment in timeaugust
84%
But if I just showed up at your _____ would you have me?party
84%
You made a _____ of a careless man's careful daughterrebel
79%
I'm shining like _________ over your sad, empty townfireworks
74%
You could call me babe for the _______weekend
74%
And you know damn well for you, I would ____ myselfruin
71%
I wait by the door like I'm just a ___kid
68%

Score Distribution

Percentile by Number Answered

Percent of People with Each Score

Your Score History

You have not taken this quiz